Teorias del comportamiento empresario (Registro nro. 2306)
[ vista simple ]
| 000 -LEADER | |
|---|---|
| fixed length control field | 01107 a2200193 4500 |
| 001 - CONTROL NUMBER | |
| control field | 32899 |
| 005 - DATE AND TIME OF LATEST TRANSACTION | |
| control field | 20260407155624.0 |
| 008 - FIXED-LENGTH DATA ELEMENTS--GENERAL INFORMATION | |
| fixed length control field | 260407a1974 arg spa d |
| 003 - CONTROL NUMBER IDENTIFIER | |
| control field | AR-UNSa-BCEJYS |
| 040 ## - CATALOGING SOURCE | |
| Original cataloging agency | AR-UNSa-BCEJYS |
| Language of cataloging | spa |
| Transcribing agency | AR-UNSa-BCEJYS |
| 080 ## - UNIVERSAL DECIMAL CLASSIFICATION NUMBER | |
| Universal Decimal Classification number | 658.01 |
| Common auxiliary subdivision | Metodología. Teoría y práctica de la organización( teoria de la organización, análisis organizacional...) |
| 100 1# - MAIN ENTRY--PERSONAL NAME | |
| Personal name | McGuire, Joseph W. |
| 245 10 - TITLE STATEMENT | |
| Title | Teorias del comportamiento empresario |
| 264 #1 - PRODUCTION, PUBLICATION, DISTRIBUTION, MANUFACTURE, AND COPYRIGHT NOTICE | |
| Place of production, publication, distribution, manufacture | Buenos Aires : |
| Name of producer, publisher, distributor, manufacturer | El Ateneo |
| Date of production, publication, distribution, manufacture, or copyright notice | 1974 |
| 300 ## - PHYSICAL DESCRIPTION | |
| Extent | 311 p. |
| Dimensions | 20 cm. |
| 505 ## - FORMATTED CONTENTS NOTE | |
| Formatted contents note | 1. Introducción - 2. Concepto de firma - 3. Teoría económica del comportamiento de la empresa - 4. Críticas de la teoría económica de la firma - 5. Otras teorías económicas - 6. La teoría de le decisión en situación de certeza, riesgo e incertidumbre - 7. La teoría de los juegos - 8. Teorias organizacionales y comportamineto empresarial - 9. Psicologia y comportamiento empresarial - 10. Las interacciones entre cultura y empresa - 11. Teorías de la empresa: Apreciación. |
| 590 ## - LOCAL NOTE (RLIN) | |
| Local note | niveau_biblio:m niveau_hierar:0 |
| 942 ## - ADDED ENTRY ELEMENTS (KOHA) | |
| Koha item type | |
| Withdrawn status | Lost status | Damaged status | Not for loan | Home library | Current library | Shelving location | Date acquired | Total checkouts | Full call number | Barcode | Date last seen | Price effective from | Koha item type |
|---|---|---|---|---|---|---|---|---|---|---|---|---|---|
| Biblioteca Prof. Eusebio Cleto del Rey | Biblioteca Prof. Eusebio Cleto del Rey | 07/04/2026 | 658.01 M478 | L33881 | 07/04/2026 | 07/04/2026 | Libro | ||||||
| Biblioteca Prof. Eusebio Cleto del Rey | Biblioteca Prof. Eusebio Cleto del Rey | 07/04/2026 | 658.01 M478 | L33954 | 07/04/2026 | 07/04/2026 | Libro | ||||||
| Biblioteca Prof. Eusebio Cleto del Rey | Biblioteca Prof. Eusebio Cleto del Rey | 07/04/2026 | 658.01 M478 | L53389 | 07/04/2026 | 07/04/2026 | Libro |